Journal of functional analysis. (Record no. 15428)
[ view plain ]
| 000 -LEADER | |
|---|---|
| fixed length control field | 00369cas a2200145 4500 |
| 022 0# - INTERNATIONAL STANDARD SERIAL NUMBER | |
| ISSN | 0022-1236 |
| 040 ## - CATALOGING SOURCE | |
| Transcribing agency | DLC |
| 082 #4 - DEWEY DECIMAL CLASSIFICATION NUMBER | |
| Classification number | 517 ACA 1984 A063 Or. |
| 245 00 - TITLE STATEMENT | |
| Title | Journal of functional analysis. |
| 260 ## - PUBLICATION, DISTRIBUTION, ETC. (IMPRINT) | |
| Place of publication | Brugge, Belgium [etc.] |
| Name of publisher | Academic Press. |
| 300 ## - PHYSICAL DESCRIPTION | |
| Number of Pages | v. |
| Other physical details | ill. |
| Dimensions | 23 cm. |
| 650 #0 - SUBJECT ADDED ENTRY--TOPICAL TERM | |
| Topical Term | Functional analysis |
| 650 #6 - SUBJECT ADDED ENTRY--TOPICAL TERM | |
| Topical Term | Analyse fonctionnelle |
| 942 ## - ADDED ENTRY ELEMENTS (KOHA) | |
| Koha item type | សៀវភៅភាសាអង់គ្លេស |
| 952 ## - LOCATION AND ITEM INFORMATION (KOHA) | |
| Withdrawn status [LOCAL, KOHA] | 0 |
| Permanent Location | Date acquired | Koha item type | Lost status | Shelving location | Barcode | Current Location | Full call number |
|---|---|---|---|---|---|---|---|
| Library Block A | 2017-11-21 | សៀវភៅភាសាអង់គ្លេស | A063 | A07172 | Library Block A | 517 ACA 1984 A063 Or. |